|
|
|
|
| LEADER |
01374nam a2200253 a 4500 |
| 001 |
15994579 |
| 008 |
100307s2009 bg ab b 001 0 eng d |
| 010 |
|
|
|a 2009305272
|
| 020 |
|
|
|a 9847001900264
|
| 040 |
|
|
|a DLC
|c DLC
|d DLC
|d DB-DhAAL
|
| 082 |
0 |
0 |
|a 338.1/095492
|2 22
|
| 100 |
1 |
|
|a Rasul, Golam.
|
| 245 |
1 |
0 |
|a Land use, environment, and development experiences from the Chittagong Hill Tracts of Bangladesh /
|c Golam Rasul.
|
| 260 |
|
|
|a Dhaka :
|b A.H. Development Pub. House ;
|a Kolkata :
|b Distributor in India, Paragon Enterprise,
|c 2009.
|
| 300 |
|
|
|a xxiv, 239 p. :
|b col. ill., maps ;
|c 22 cm.
|
| 520 |
|
|
|a Study focused on Chittagong Hill Tracts, Region, Bangladesh.
|
| 504 |
|
|
|a Includes bibliographical references (p. [213]-234) and index.
|
| 541 |
1 |
|
|e 00019828
|
| 650 |
|
0 |
|a Land tenure
|z Bangladesh
|z Chittagong Hill Tracts (Region)
|
| 650 |
|
0 |
|a Agriculture
|x Economic aspects
|z Bangladesh
|z Chittagong Hill Tracts (Region)
|
| 852 |
4 |
|
|a Ayesha Abed Library
|j General Shelf.
|
| 999 |
|
|
|c 7716
|d 7716
|
| 952 |
|
|
|0 0
|1 0
|2 ddc
|4 0
|6 338_109549200000000_RAS_2009
|7 0
|9 8469
|a IGS
|b IGS
|c GEN
|d 2010-03-07
|l 1
|m 3
|o 338.1095492 RAS
|p 3010019828
|r 2014-06-09
|s 2012-12-31
|t 1
|w 2010-03-07
|y BK
|
| 952 |
|
|
|0 0
|1 0
|2 ddc
|4 0
|6 338_109549200000000_RAS
|7 0
|9 18896
|a IGS
|b IGS
|c GEN
|d 2011-12-18
|e A H Development Publishing House
|g 600.00
|l 1
|m 3
|o 338.1095492 RAS
|p 3010024003
|r 2014-06-09
|s 2012-12-31
|t 2
|w 2011-12-18
|y BK
|